000 00346nam a2200145Ia 4500
008 191201s2011 xx 000 0 und d
082 _a658.5
_bFRO
100 _aFRENCH,Wendell
245 0 _aOrganizational Development and Transformation
250 _aRep
260 _aN. Delhi
_bTMH
_c2011
300 _a506
650 _aBBA
942 _2ddc
_cBK
999 _c5551
_d5551